1241 1467 1594 1597 1437 1544 1758 1397 1494 1744 1868 1149 1822 1175 2000 1353 1177 1143 1133 1993 1992 1157 1329 1133 1863 1073 1332 1513 1914 1654 1592 1152 1826 1541 1035 1530 1070 1777 1242 1222 1787 1836 1519 1272 1037 1344 1933 1400 1792 1719 1474 1855 1937 1945 1541 1284 1464 1447 1469 1415 1646 1136 1256 1338 1477 1876 1306 1497 1361 1422 1609 1230 1827 1055 1397 1803 1229 1623 1476 1534 1018 1905 1139 1567 1843 1403 1695 1525 1311 1817 1050 1752 1559 1766 1336 1988 1709 1679 1293 BCNSPRNW ULIB Ver.6.0+V

เปลี่ยนเป็นภาษาไทย

Change to English
 แสดงรายละเอียดบรรณานุกรม
  กลับหน้าหลัก

Brief Record : Get Marc (ISO 2709) : E-mail record : QR code < ปิดหน้าต่าง
LEADER : 00000nam 2200000uu 4500
001    13399114088
003     ULIB
008    120216s2554||||th 000 0 tha d
020    ^a9789741109784
060 04 ^aWY100^bก492
245 00 ^aการพยาบาลพื้นฐาน :^bแนวคิดและการปฏิบัติ /^cผู้เรียบเรียงกรรณิการ์ ภังคานนท์ ... [และคนอื่นๆ] ; สุปาณี เสนาดิสัย, วรรณภา ประไพพานิช, บรรณาธิการ
250    ^aพิมพ์ครั้งที่ 13 (ปรับปรุงครั้งที่ 2)
260    ^a[กรุงเทพ] :^bโรงเรียนพยาบาลรามาธิบดี,^c2554
300    ^a761 หน้า :^bภาพประกอบ ;^c26 ซม.
591    ^a LIRA : มีปี 2551 พิมพ์ครั้งที่ 12
650  7 ^aการพยาบาล
650  7 ^aการพยาบาล, การบริการ
700 0  ^aกรรณิการ์ ภังคานนท์
700 0  ^aสุปาณี เสนาดิสัย,^eบรรณาธิการ
700 0  ^aวรรณภา ประไพพานิช,^eบรรณาธิการ
710 2  ^aโรงเรียนพยาบาลรามาธิบดี
945    ^p450^l0^i18688
945    ^p450^l0^i18689
945    ^p450^l0^i18690
945    ^p450^l0^i18691
945    ^p450^l0^i18692
995    ^a เกษร
999    ^aใช้งานได้ทุกระบบ
รายการนี้ยังไม่มีแท็ก
คุณยังไม่ได้ล็อกอิน คุณสามารถมีกิจกรรมร่วมกับเว็บไซต์ได้ แต่ต้องล็อกอินก่อน ::
  ล็อกอิน

รายการสื่อสารสนเทศ

ลำดับที่ ประเภท เลขเรียก/บาร์โค้ด สถานที่ สถานะ
1. Book การพยาบาล
Book การพยาบาล
สถานะ=หนังสือเก่า
WY100 ก492 ฉ.1 
  Barcode: 18688
ห้องสมุดวิทยาเขตนครสวรรค์
►ส่วนจัดเก็บหนังสือเก่า นว.
บนชั้น
  ขอยืม
2. Book การพยาบาล
Book การพยาบาล
สถานะ=หนังสือเก่า
WY100 ก492 ฉ.2 
  Barcode: 18689
ห้องสมุดวิทยาเขตนครสวรรค์
►ส่วนจัดเก็บหนังสือเก่า นว.
บนชั้น
  ขอยืม
3. Book การพยาบาล
Book การพยาบาล
สถานะ=หนังสือเก่า
WY100 ก492 ฉ.3 
  Barcode: 18690
ห้องสมุดวิทยาเขตนครสวรรค์
►ส่วนจัดเก็บหนังสือเก่า นว.
บนชั้น
  ขอยืม
4. Book การพยาบาล
Book การพยาบาล
สถานะ=หนังสือเก่า
WY100 ก492 ฉ.4 
  Barcode: 18691
ห้องสมุดวิทยาเขตนครสวรรค์
►ส่วนจัดเก็บหนังสือเก่า นว.
บนชั้น
  ขอยืม
5. Book การพยาบาล
Book การพยาบาล
สถานะ=หนังสือเก่า
WY100 ก492 ฉ.5 
  Barcode: 18692
ห้องสมุดวิทยาเขตนครสวรรค์
►ส่วนจัดเก็บหนังสือเก่า นว.
บนชั้น
  ขอยืม

รายการใกล้เคียง
    หัวเรื่อง [การพยาบาล]
    หัวเรื่อง [การพยาบาล, การบริการ]

BibComment


ยังไม่เคยถูกคอมเมนท์

คอมเมนท์ทรัพยากรรายการนี้
  คอมเมนท์: การพยาบาลพื้นฐาน..


 Copyright 2026. Bcnsprnw @Library